Statistics for Guess The Country marked blue

Click here to take the quiz!

General Stats

  • This quiz has been taken 69 times
    (49 since last reset)
  • The average score is 44 of 65

Answers on the Map

Answers color-coded by a green-red scale on the quiz's map according to % correct below.
 

Answer Stats

Answer% Correct
Brazil
94%
Canada
94%
Australia
91%
Mexico
91%
Russia
91%
China
89%
Denmark
89%
Iceland
89%
Italy
89%
Chile
86%
Kazakhstan
86%
United States
86%
France
83%
Indonesia
83%
Morocco
83%
Pakistan
83%
Armenia
80%
Japan
80%
United Kingom
80%
Germany
77%
North Korea
77%
Estonia
74%
Mongolia
74%
Netherlands
74%
New Zealand
74%
Oman
74%
Peru
74%
South Africa
74%
Ukraine
74%
Angola
71%
Colombia
71%
Saudi Arabia
71%
Spain
71%
Yemen
71%
Guyana
69%
Kenya
69%
Libya
69%
Malaysia
69%
Mozambique
69%
Portugal
69%
South Korea
69%
Laos
66%
Venezuela
66%
India
63%
Malawi
60%
Bolivia
57%
Ethiopia
57%
Norway
57%
Eritrea
54%
Kiribati
54%
Papua New Guinea
54%
Zimbabwe
54%
Chad
51%
Palau
49%
Paraguay
49%
Romania
49%
Sweden
49%
Thailand
49%
Turkey
49%
Niger
46%
Marshall Islands
43%
Zambia
37%
Solomon Islands
34%
Tonga
34%
Vanuatu
29%

Score Distribution

Percentile by Number Answered

Percent of People with Each Score

Your Score History

You have not taken this quiz since the last reset